000
00296pam a2200133 a 4500
020
_c
041
_h
082
_a
751
_b
BAT
100
_a
Bates bob.
245
_a
How to draw Adventures in A and Oils 2
_h
Textual Documents
250
_a
1989.
260
_a
pune:
_b
Walter Foster.
930
_a
12
999
_c
233802
_d
233802